Urban neighborhoods in a new era : revitalization politics in the postindustrial city /

Bibliographic Details
Main Authors: Stone, Clarence N. (Clarence Nathan), 1935- (Author), Stoker, Robert Phillip, 1954- (Author)
Format: Book
Language:English
Published: Chicago : The University of Chicago Press, 2015.
Subjects:

MARC

Tag First Indicator Second Indicator Subfields
LEADER 00000cam a22000008i 4500
001 in00003594271
005 20170928135215.0
008 141203t20152015ilu b 001 0 eng c
010 |a  2014047165 
020 |a 9780226288963 (cloth : alk. paper) 
020 |a 022628896X (cloth : alk. paper) 
020 |a 9780226289014 (pbk. : alk. paper) 
020 |a 022628901X (pbk. : alk. paper) 
020 |z 9780226289151 (ebook) 
024 8 |a 40025247207 
035 |a (OCoLC)ocn897825691 
035 |a (OCoLC)897825691 
040 |a ICU/DLC  |b eng  |e rda  |c CGU  |d DLC  |d OCLCO  |d BDX  |d YDXCP  |d BTCTA  |d OCLCF  |d ERASA  |d BUF  |d TWS  |d UtOrBLW 
042 |a pcc 
043 |a n-us--- 
049 |a TXAM 
050 0 0 |a HT123  |b .S7845 2015 
082 0 0 |a 307.3/362160973  |2 23 
100 1 |a Stone, Clarence N.  |q (Clarence Nathan),  |d 1935-  |e author.  |0 http://id.loc.gov/authorities/names/n85016740 
245 1 0 |a Urban neighborhoods in a new era :  |b revitalization politics in the postindustrial city /  |c Clarence N. Stone and Robert P. Stoker [and 10 others]. 
264 1 |a Chicago :  |b The University of Chicago Press,  |c 2015. 
300 |a xx, 294 pages ;  |c 23 cm 
336 |a text  |b txt  |2 rdacontent 
337 |a unmediated  |b n  |2 rdamedia 
338 |a volume  |b nc  |2 rdacarrier 
504 |a Includes bibliographical references and index. 
505 0 |a 1. Change afoot -- 2. Contexts for neighborhood revitalization: a comparative overview -- 3. Neighborhood policy in Baltimore: the postindustrial turn -- 4. Standing in two worlds: neighborhood policy, the civic arena, and ward-based politics in Chicago -- 5. Professionalized government: institutionalizing the new politics in Phoenix -- 6. City fragmentation and neighborhood connections: the political dynamics of community revitalization in Los Angeles -- 7. The new politics in a postindustrial city: intersecting politics in Denver -- 8. Policy shift without institutional change: the precarious place of neighborhood revitalization in Toronto -- 9. Contending with structural inequality in a new era. 
650 0 |a Neighborhoods  |z United States.  |0 http://id.loc.gov/authorities/subjects/sh2010103620 
650 0 |a Urban renewal  |z United States.  |0 http://id.loc.gov/authorities/subjects/sh2008113127 
650 7 |a Neighborhoods.  |2 fast  |0 (OCoLC)fst01715963 
650 7 |a Urban renewal.  |2 fast  |0 (OCoLC)fst01162536 
651 7 |a United States.  |2 fast  |0 (OCoLC)fst01204155 
700 1 |a Stoker, Robert Phillip,  |d 1954-  |e author.  |0 http://id.loc.gov/authorities/names/n86847235 
938 |a Brodart  |b BROD  |n 111843979 
938 |a YBP Library Services  |b YANK  |n 12223278 
938 |a Baker and Taylor  |b BTCP  |n BK0016282532 
938 |a Erasmus Boekhandel  |b ERAA  |n NTS0000208932 
938 |a YBP Library Services  |b YANK  |n 12366210 
947 |a A14842908932 
945 |a PromptCat  |b 344442 
946 |a stk 
994 |a 92  |b TXA 
948 |a Cataloged  |b h  |c 2015/10/12  |d c  |e AReeder 
999 f f |s 027f8834-5fb7-34e1-8619-57c1662c3084  |i 7463bd39-7cc3-3184-ba8a-adc4faf8f791  |t 0 
952 f f |p normal  |a Texas A&M University  |b College Station  |c Sterling C. Evans Library  |d Evans: Library Stacks  |t 0  |e HT123 .S7845 2015  |h Library of Congress classification  |i unmediated -- volume  |m A14842908932 
998 f f |a HT123 .S7845 2015  |t 0  |l Evans: Library Stacks